| 000 | 005420000a22001810004500 | ||
|---|---|---|---|
| 003 | MACL | ||
| 005 | 20160401140210.0 | ||
| 008 | 160401b xxu||||| |||| 00| 0 eng d | ||
| 040 |
_aMACL _cMACL |
||
| 041 | _aHindi | ||
| 082 | _a320 | ||
| 100 |
_aआडवाणी लालकृष्ण _938300 |
||
| 245 | _aनजरबंद लोकतंत्र | ||
| 260 |
_bप्रभात प्रकाशन _c2003 _aनई दिल्ली |
||
| 350 | _a400 | ||
| 650 |
_aPolitical Science _949646 |
||
| 942 |
_cHIN _k320 _2ddc |
||
| 999 |
_c19436 _d19436 |
||